Podnikateľský model startupu diplomová práca

Enregistré dans:
Détails bibliographiques
Auteur principal: Turján, Dávid
Collectivité auteur: Fakulta podnikového manažmentu EU. Katedra manažmentu
Autres auteurs: Ljudvigová, Ivana
Format: Livre
Langue:slovaque
Publié: Bratislava 2017
Tags: Ajouter un tag
Pas de tags, Soyez le premier à ajouter un tag!

MARC

LEADER 00000nbm a2200000 4500
001 0232461
005 20171219104157.0
041 0 |a slo 
044 |a SK 
245 1 0 |a Podnikateľský model startupu  |b diplomová práca  |c Dávid Turján ; školiteľ: Ivana Ljudvigová 
264 1 |a Bratislava  |c 2017 
300 |a 64 s. 
100 1 |a Turján, Dávid 
700 1 |a Ljudvigová, Ivana 
710 2 |a Fakulta podnikového manažmentu EU. Katedra manažmentu